| 000 | 00537aam a2200205 4500 | ||
|---|---|---|---|
| 005 | 20160905145927.0 | ||
| 008 | 150806b xxu||||| |||| 00| 0 spa d | ||
| 041 | _aEspañol | ||
| 082 | _a617.602 K91a | ||
| 100 |
_aKraus, Bertram _918273 |
||
| 100 |
_aJordan, Ronald _918274 |
||
| 100 |
_aAbrams, Leonard _918275 |
||
| 245 | _aAnatomía dental y oclusión | ||
| 260 | _aMéxico | ||
| 260 | _bNueva editorial Interamericana | ||
| 300 | _a312 páginas | ||
| 650 |
_aANATOMIA DENTAL _94290 |
||
| 650 |
_aOCLUSIÓN _9334 |
||
| 942 | _cBK | ||
| 999 |
_c538 _d538 |
||